header

Lessons from Aquinas (Record no. 246005)

MARC details
000 -LEADER
fixed length control field 01290nam a2200325Ia 4500
100 1# - MAIN ENTRY--AUTHOR NAME
Personal name Rosental, Creighton.
245 10 - TITLE STATEMENT
Title Lessons from Aquinas
250 ## - EDITION STATEMENT
Edition statement 1st ed.
260 ## - PUBLICATION, DISTRIBUTION, ETC. (IMPRINT)
Place of publication Macon, GA :
Name of publisher Mercer University Press,
Year of publication c2011.
300 ## - PHYSICAL DESCRIPTION
Number of Pages xx, 252 p.
650 #0 - SUBJECT ADDED ENTRY--TOPICAL TERM
Topical Term Faith and reason
856 40 - ELECTRONIC LOCATION AND ACCESS
Uniform Resource Identifier http://site.ebrary.com/lib/rucke/Doc?id=10539145

No items available.

© 2026 Rongo University
Contact us: librarian | system librarian | Rongo university